Costa Rica imaginaria /
Guardat en:
| Autors principals: | , |
|---|---|
| Format: | Desconegut |
| Idioma: | Spanish |
| Publicat: |
San José, Costa Rica :
Editorial de la Universidad Nacional,
1998.
|
| Matèries: | |
| Etiquetes: |
Afegir etiqueta
Sense etiquetes, Sigues el primer a etiquetar aquest registre!
|
MARC
| LEADER | 000000000a22000000004500 | ||
|---|---|---|---|
| 001 | 003527 | ||
| 020 | |a 9968141503 | ||
| 041 | 0 | |a spa | |
| 082 | 0 | 4 | |a 306 |b C837c |
| 100 | 1 | |a Jiménez Matarrita, Alexander, |d 1955- | |
| 100 | 1 | |a Oyamburu, Jesús | |
| 245 | 1 | 0 | |a Costa Rica imaginaria / |c Alexander Jiménez Matarrita, Jesús Oyamburu. |
| 260 | 1 | |a San José, Costa Rica : |b Editorial de la Universidad Nacional, |c 1998. | |
| 300 | |a 230 páginas | ||
| 500 | |a La Biblioteca contiene otro ejemplar, con número de inscripción 14007 | ||
| 650 | 4 | |a COSTA RICA | |
| 650 | 4 | |a IDENTIDAD CULTURAL | |
| 650 | 4 | |a IDENTIDAD NACIONAL | |
| 650 | 4 | |a PLURALISMO CULTURAL | |
| 999 | |c 10039 |d 10039 | ||
| 942 | |c BK |h 306 C837c |2 z | ||
